Famous Argentinian Footballers by Picture - Statistics

General Stats
  • This quiz has been taken 668 times
  • The average score is 18 of 25
Answer Stats
Picture Answer % Correct
Lionel Messi
100%
Diego Maradona
99%
Ángel Di María
97%
Sergio Agüero
96%
Lautaro Martínez
90%
Paulo Dybala
90%
Gonzalo Higuaín
88%
Javier Mascherano
88%
Alexis Mac Allister
87%
Carlos Tevez
87%
Enzo Fernández
81%
Javier Zanetti
78%
Nicolás Otamendi
76%
Hernan Crespo
75%
Diego Simeone
73%
Cristian Romero
72%
Gabriel Batistuta
68%
Alfredo Di Stéfano
66%
Juan Román Riquelme
64%
Diego Milito
57%
Ezequiel Lavezzi
49%
Mario Kempes
42%
Daniel Passarella
25%
Fernando Redondo
25%
Roberto Ayala
16%
No matching quizzes found
Score Distribution
Percent of People with Each Score
Percentile by Number Answered
Your Score History
You have not taken this quiz